00000000nam 2200000zi 4500
0019.946595
003CaOODSP
00520250121091710
006m     o  d f      
007cr bn|||||||||
008250107s1965    onc     ou   f001 0 eng d
040 |aCaOODSP|beng|erda|cCaOODSP
043 |an-cn---
0861 |aNR24-28/1965-2E-PDF
24500|aFire performance ratings 1965 : |bsupplement no. 2 to the National Building Code of Canada / |cissued by the Associate Committee on the National Building Code.
24610|aSupplement no. 2 to the National Building Code of Canada
250 |a[Second edition 1965].
264 1|aOttawa, Canada : |bNational Research Council, |c1965.
300 |a1 online resource (37 pages, 2 unnumbered pages)
336 |atext|btxt|2rdacontent
337 |acomputer|bc|2rdamedia
338 |aonline resource|bcr|2rdacarrier
500 |aIncludes index.
500 |aIssued also in French under title: Cote de comportement au feu 1965 : supplément no 2 au Code national du bâtiment (Canada).
520 |a"The fire performance ratings set out in this document are approved by the Associate Committee on the National Building Code on the advice of the Fire Test Board for use with the National Building Code of Canada. The ratings apply to materials and assemblies of materials which comply in all essential details with the minimum standards described in Parts 4 and 5 of the National Building Code"--Introduction, page 3.
650 0|aBuilding laws|zCanada.
650 0|aBuildings|xStandards|zCanada.
650 0|aFire resistant materials|xStandards|zCanada.
7102 |aNational Research Council of Canada. |bAssociate Committee on the National Building Code, |eissuing body.
77508|tCote de comportement au feu 1965 : |w(CaOODSP)9.946741
794 |tFire performance ratings 1975 : |w(CaOODSP)9.946721
795 |tFire resistance ratings 1961 : |w(CaOODSP)9.946540
85640|qPDF|s3.91 MB|uhttps://publications.gc.ca/collections/collection_2025/cnrc-nrc/NR24-28-1965-2-eng.pdf
986 |a8330